000 00770cam a22002291 4500
001 10193441
003 ARRUPE
005 20150129115139.0
008 760826q19001976stka 000 0 eng
010 _a 41031742
035 _a(OCoLC)2397098
040 _aDLC
_cGU
_dOCoLC
_dDLC
050 0 0 _aSPC DA880.M645
082 0 0 _a929/.2/09411
100 _aMiller and Lang
_913847
245 0 4 _aThe Scottish tartans:
_bwith historical sketches of the clans and families of Scotland, the badges, arms, slogans, etc., of the clans.
260 _aGlasgow,
_bMillar & Lang,
_c[19-?]
300 _a[3] 120 p.
_bcol. illus. (incl. coats of arms)
_c11 x 16cm.
650 0 _aTartans
_zScottish
_913848
906 _a7
_bcbc
_coclcrpl
_du
_encip
_f19
_gy-gencatlg
942 _2lcc
_cSPC
999 _c121629
_d121629